Cricket: Most ODI Runs in Each Calendar Year - Statistics

General Stats
  • This quiz has been taken 66 times
    13 since last reset
  • The average score is 31 of 55
Answer Stats
Year Country Runs Average Answer % Correct
2018 IND 1202 133.55 Virat Kohli
100%
2017 IND 1460 76.84 Virat Kohli
100%
2011 IND 1381 47.62 Virat Kohli
100%
2025 ENG 808 57.71 Joe Root
92%
2019 IND 1490 57.30 Rohit Sharma
83%
1998 IND 1894 65.31 Sachin Tendulkar
83%
1996 IND 1611 53.70 Sachin Tendulkar
83%
2023 IND 1584 63.36 Shubman Gill
83%
1995 WI 806 67.16 Brian Lara
75%
1993 WI 1349 49.96 Brian Lara
75%
2016 AUS 1388 63.09 David Warner
75%
2008 IND 1119 46.62 Gautam Gambhir
75%
2010 SA 1058 75.57 Hashim Amla
75%
2014 SL 1256 46.51 Kumar Sangakkara
75%
2012 SL 1184 43.85 Kumar Sangakkara
75%
2006 SL 1333 44.43 Kumar Sangakkara
75%
2009 IND 1198 70.47 MS Dhoni
75%
2004 IND 1025 39.42 Rahul Dravid
75%
2005 AUS 1601 59.29 Ricky Ponting
75%
1986 IND 805 38.33 Sunil Gavaskar
75%
2024 SL 742 53.00 Kusal Mendis
67%
2015 NZ 1489 55.14 Martin Guptill
67%
2000 IND 1579 56.39 Sourav Ganguly
67%
1999 IND 1767 46.50 Sourav Ganguly
67%
1997 IND 1338 41.81 Sourav Ganguly
67%
2020 AUS 673 56.08 Aaron Finch
58%
2013 PAK 1373 54.92 Misbah-ul-Haq
58%
2021 IRE 705 54.23 Paul Stirling
58%
2022 IND 724 55.69 Shreyas Iyer
58%
1979 WI 526 131.50 Sir Viv Richards
58%
1976 WI 216 108.00 Sir Viv Richards
58%
2007 AUS 1601 59.29 Matthew Hayden
50%
1988 NZ 806 44.77 Andrew Jones
42%
1990 AUS 1174 69.05 Dean Jones
42%
1992 PAK 942 52.33 Javed Miandad
42%
1987 PAK 1084 67.75 Javed Miandad
42%
2001 SL 1260 46.66 Mahela Jayawardene
42%
2003 PAK 1168 43.25 Mohammad Yousuf
42%
2002 PAK 1362 54.48 Mohammad Yousuf
42%
1980 WI 469 93.80 Sir Gordon Greenidge
42%
1983 ENG 1086 63.88 David Gower
33%
1989 WI 1007 55.94 Desmond Haynes
33%
1985 WI 1232 56.00 Desmond Haynes
33%
1984 WI 813 54.20 Desmond Haynes
33%
1975 NZ 359 119.66 Glenn Turner
33%
1977 AUS 174 87.00 Greg Chappell
33%
1991 WI 658 36.55 Richie Richardson
33%
1974 ENG 193 64.33 David Lloyd
25%
1994 SA 1133 43.57 Hansie Cronje
25%
1971 ENG 82 82.00 John Edrich
25%
1973 ENG 134 67.00 Dennis Amiss
17%
1972 ENG 168 58.00 Dennis Amiss
17%
1982 PAK 677 52.07 Zaheer Abbas
17%
1981 AUS 658 47.00 Graeme Wood
8%
1978 ENG 250 83.33 Clive Radley
0%
No matching quizzes found
Score Distribution
Percent of People with Each Score
Percentile by Number Answered
Your Score History
You have not taken this quiz since the last reset